000 00323nam a2200145Ia 4500
100 _aBhatia/M.L
490 _v1
942 _cBK
654 _amathematics
245 _aEngineering Mathematics for F.E
260 _bEverest publishing house
_aNew Delhi
_c1985
082 _a510
_bBHA
300 _a192
546 _aENGLISH
999 _c25720
_d25720